[Event "45th Olympiad 2024"]
[Site "Budapest HUN"]
[Date "2024.09.15"]
[Round "5.45"]
[Board "1"]
[White "Saraci, Nderim"]
[Black "Ortega Amarelle, Mariano"]
[Result "0-1"]
[WhiteElo "2446"]
[BlackElo "2453"]
[PlyCount "128"]
[EventDate "2024.09.11"]
[WhiteTeam "Kosovo"]
[BlackTeam "Cape Verde"]
[WhiteTeamCountry "KOS"]

1. e4 e5 2. Nf3 Nc6 3. Bb5 Nf6 4. d3 d6 5. O-O g6 6. d4 Bd7 7. Nc3 Bg7 8. Bxc6 Bxc6 9. dxe5 Nxe4 10. Nxe4 Bxe4 11. Re1 d5 12. Ng5 Bf5 13. e6 Bxe6 14. Nxe6 fxe6 15. Rxe6+ Kf7 16. Re1 $146 ({RR} 16. Re3 Rf8 17. Rd3 c6 18. Be3 b5 19. a4 a6 20. c3 Kg8 21. Qg4 Qc8 22. h3 Qxg4 23. hxg4 Rfb8 24. Bf4 Rb7 25. axb5 Rxb5 26. Ra2 Rb3 27. Re3 Kf7 28. Bd6 Bf8 29. Rf3+ Kg8 30. Bxf8 Rxf8 {1-0 Arakhamia Grant,K (2446)-Howell,D (2334) GBR-ch Scarborough 2004 (2)}) 16... c6 17. c3 Re8 18. Be3 Re4 19. Qd2 Qc7 20. f3 Re6 21. Bd4 Bxd4+ 22. Qxd4 Qb6 23. b3 Qxd4+ 24. cxd4 a5 25. Kf2 b6 26. Rac1 Rc8 27. f4 c5 28. Re5 Rxe5 29. fxe5 Ke6 30. Ke2 Ra8 31. dxc5 bxc5 32. Rxc5 a4 33. b4 a3 34. Kd3 Kxe5 35. Ra5 Rb8 36. b5 h5 37. h4 Rb7 38. Ke3 Rb8 39. Kd3 Rb7 40. Kc3 Ke4 41. Ra4+ Ke3 42. Kb4 d4 43. Rxa3+ d3 44. Kc5 Ke2 45. Rxd3 Kxd3 46. b6 Rf7 47. a4 Rf2 48. a5 Rf5+ 49. Kb4 Rf4+ 50. Kb5 Rf5+ 51. Ka6 Kc4 52. b7 Rb5 53. Ka7 Rxa5+ 54. Kb6 Rb5+ 55. Kc7 Kd4 56. b8=Q Rxb8 57. Kxb8 Ke4 58. Kc7 Kf4 59. Kd6 Kg3 60. Ke5 Kxg2 61. Kf6 Kh3 62. Kg5 Kg3 63. Kxg6 Kxh4 64. Kf5 Kg3 0-1

[Event "45th Olympiad 2024"]
[Site "Budapest HUN"]
[Date "2024.09.15"]
[Round "5.45"]
[Board "2"]
[White "Alho, Diogo"]
[Black "Ondozi, Murtez"]
[Result "1/2-1/2"]
[WhiteElo "2192"]
[BlackElo "2371"]
[PlyCount "199"]
[EventDate "2024.09.11"]
[WhiteTeam "Cape Verde"]
[BlackTeam "Kosovo"]
[BlackTeamCountry "KOS"]

1. d4 {Kramnik,Vladimir} d5 2. c4 c6 3. Nf3 Nf6 4. Nc3 e6 5. Qd3 dxc4 6. Qxc4 b5 7. Qd3 ({RR} 7. Qb3 Nbd7 8. g3 b4 9. Nb1 c5 10. Bg2 Bb7 11. O-O Nb6 12. dxc5 Bxc5) 7... Bb7 ({RR} 7... Nbd7 8. a3 b4 9. axb4 Bxb4 10. e4 a5 11. e5 Nd5 12. Bd2 Ba6 13. Qe4 Bxf1 14. Kxf1) 8. g4 ({RR} 8. a3 a6 9. e3 c5 10. dxc5 Bxc5 11. Qxd8+ Kxd8 12. Bd2 Ke7 13. Bd3 Nbd7 14. Ke2 Bd6 15. Rhd1 Rac8 16. Rac1 Nb6 17. Be1 Nc4 18. Rc2 Bxf3+ ({RR} 18... Rhd8 19. h3) 19. gxf3 ({RR} 19. Kxf3 Ne5+ 20. Ke2 Nxd3 21. Rxd3 Ng4 ({RR} 21... Bxh2 22. g3 h5) 22. h3 Ne5 23. Rd1 Rc7) 19... Ne5 ({RR} 19... Bxh2 20. f4 ({RR} 20. a4 Ne5 21. axb5 Nxd3 22. Rxd3 axb5) 20... Nd6 ({RR} 20... h6 21. a4 Nd6 ({RR} 21... bxa4 22. Nxa4) 22. axb5 axb5 ({RR} 22... Nxb5 23. Nxb5 Rxc2+ 24. Bxc2 axb5 25. Bb4+ Ke8 26. Bd3 ({RR} 26. Rh1)) 23. Nxb5 Rxc2+ 24. Bxc2 Nxb5 25. Bb4+ Ke8 26. Ba4) 21. Bd2 Rc5 22. Rh1 Rh5 23. Kf1) 20. h3 Nxd3 21. Rxd3 Rhd8 22. Rcd2 Bc7 {½-½ Karpov,A (2775)-Kasparov,G (2785) Las Palmas 1996 (5)} {RR} 23. Rxd8 Rxd8 24. Ne4 Nd5 25. Rc2 Bb6) ({RR} 8. Bg5) 8... Nxg4 ({RR} 8... Nbd7 9. g5 Nd5 10. Nxd5 exd5 11. h4 Bd6 12. h5 Qe7 13. a4 a6 14. Nh4 Bb4+ 15. Bd2 Bxd2+ 16. Qxd2 O-O 17. Nf5 Qe4 18. Rh4 Qe8 19. Nd6 Qb8 20. Qf4 bxa4 21. Bh3 Bc8 22. h6 Qxb2 23. Rd1 {1-0 Giri,A (2772)-Pranav,A (2510) AimChess Rapid Play-In 2023 (8.35)}) 9. Rg1 Nf6 10. Bf4 $146 ({RR} 10. a3 a6 11. e4 c5 12. e5 c4 13. Qe2 Nd5 14. Bg2 h6 15. Bd2 Nd7 16. Nxd5 Bxd5 17. Bb4 Nb6 18. Rd1 Bxb4+ 19. axb4 Qe7 20. Nd2 g6 21. Bxd5 exd5 22. Qg4 Qd7 23. Qf4 O-O-O 24. Qf6 Kb7 {1-0 Serra Canals,O (2220)-Alcala Gonzalez,C (2110) Barcelona IM 03 2021 (3)}) 10... Nbd7 11. Nd2 a6 12. e4 c5 13. d5 e5 14. Be3 Nh5 15. a4 b4 16. Ncb1 Nf4 17. Qc2 Qh4 18. Nf3 Qf6 19. Nbd2 h6 20. h3 g6 21. Nh2 h5 22. Nhf3 Be7 23. h4 O-O 24. a5 Rfe8 25. Rg3 c4 26. Nxc4 Rac8 27. Rd1 Bd6 28. b3 Bf8 29. Ng5 Nc5 30. Rf3 Bh6 31. Bh3 Rc7 32. d6 Rc6 33. d7 Rd8 34. Bxf4 exf4 35. e5 Qe7 36. Rxf4 Bxg5 37. hxg5 Qxg5 38. Rfd4 Qg1+ 39. Bf1 Ne6 40. Rd6 Rc5 41. Qd3 Qg5 42. Qg3 Qxg3 43. fxg3 Kf8 44. Kf2 Bc6 45. Nb6 Ng5 46. Bd3 Be4 47. Nc4 Bc6 48. Ke3 Bb5 49. Kd4 Rc7 50. Nb6 Bxd3 51. Rxd3 Ne6+ 52. Ke3 Nc5 53. R3d4 Nxb3 54. Rxb4 Nxa5 55. Ra4 Nb7 56. Rf6 Kg7 57. Raf4 Rdxd7 58. Nxd7 Rxd7 59. Rxa6 Nc5 60. Rd6 Re7 61. Rd5 Ne6 62. Ra4 Rc7 63. Rda5 Rc3+ 64. Kf2 Rc2+ 65. Ke3 Rc3+ 66. Kf2 Nc5 67. Ra3 Nd3+ 68. Ke3 Rxa3 69. Rxa3 Nxe5 70. Ke4 Ng4 71. Ra7 Kf6 72. Ra5 Nf2+ 73. Kf3 Nd3 74. Ke4 Nf2+ 75. Kf3 Nh3 76. Ra6+ Kg7 77. Ra7 Ng5+ 78. Kf4 Kf6 79. Ra6+ Ne6+ 80. Kf3 Kg5 81. Rd6 Kf5 82. Rd5+ Kf6 83. Ra5 Nd4+ 84. Kf4 g5+ 85. Ke4 Ne6 86. Ra6 g4 87. Rb6 Kg5 88. Rb5+ Kg6 89. Rb6 Kf6 90. Ra6 Kg5 91. Ra5+ Kg6 92. Ra6 h4 93. gxh4 Kh5 94. Kf5 g3 95. Ra8 Ng7+ 96. Kf6 Kxh4 97. Ra4+ Kh3 98. Ra3 Kh2 99. Rxg3 Kxg3 100. Kxf7 1/2-1/2

[Event "45th Olympiad 2024"]
[Site "Budapest HUN"]
[Date "2024.09.15"]
[Round "5.45"]
[Board "3"]
[White "Uruci, Endrit"]
[Black "Mirulla, David"]
[Result "1-0"]
[WhiteElo "2348"]
[BlackElo "1904"]
[PlyCount "67"]
[EventDate "2024.09.11"]
[WhiteTeam "Kosovo"]
[BlackTeam "Cape Verde"]
[WhiteTeamCountry "KOS"]

1. e4 e5 2. Nf3 Nc6 3. d4 exd4 4. Bc4 Nf6 5. e5 d5 6. Bb5 Ne4 7. Nxd4 Bc5 8. O-O O-O 9. Nxc6 bxc6 10. Bxc6 Qh4 11. Be3 Bxe3 12. fxe3 Qh6 13. Bxa8 Qxe3+ 14. Kh1 Bg4 15. Qe1 Qxe1 16. Rxe1 Rxa8 17. Nc3 $146 ({RR} 17. Kg1 Rb8 18. b3 Kf8 19. Re3 c6 20. Nc3 Nc5 21. Nd1 d4 22. Rg3 Bf5 23. Nf2 Re8 24. Re1 g6 25. Nd3 Nxd3 26. cxd3 Kg7 27. Rc1 Rxe5 28. Rxc6 Rd5 29. Ra6 Rd7 30. Kf1 h5 31. h3 h4 {1-0 Woznica,A (1644)-Krawczyk,M (1521) Wroclaw Open C 2024 (9.6)}) 17... Nxc3 18. bxc3 Rb8 19. Rab1 Rb6 20. h3 Bf5 21. Rxb6 axb6 22. Rd1 Kf8 23. Rxd5 Ke7 24. c4 Ke6 25. c3 Be4 26. Rd8 h5 27. Kg1 Bb7 28. Kf2 Ke7 29. Rb8 Ba6 30. c5 Bc4 31. cxb6 cxb6 32. Rb7+ Ke8 33. a4 Bb3 34. a5 1-0

[Event "45th Olympiad 2024"]
[Site "Budapest HUN"]
[Date "2024.09.15"]
[Round "5.45"]
[Board "4"]
[White "Vaz, Jose Carlos"]
[Black "Fejzullahu, Afrim"]
[Result "1-0"]
[WhiteElo "1909"]
[BlackElo "2221"]
[PlyCount "97"]
[EventDate "2024.09.11"]
[WhiteTeam "Cape Verde"]
[BlackTeam "Kosovo"]
[BlackTeamCountry "KOS"]

1. e4 e5 2. Nf3 Nc6 3. Nc3 Nf6 4. d4 exd4 5. Nxd4 Bb4 6. Nxc6 bxc6 7. Bd3 d5 8. exd5 cxd5 9. O-O O-O 10. Bg5 c6 11. Qf3 h6 12. Bh4 g5 13. Bg3 Bg4 14. Bc7 Bxf3 15. Bxd8 Rfxd8 16. gxf3 Bxc3 17. bxc3 Nh5 18. Rfe1 Kf8 19. Ba6 Rab8 20. Rab1 Nf4 21. Rb3 $146 ({RR} 21. Kf1 c5 22. Red1 Ke7 23. Ke1 Kd6 24. a4 Re8+ 25. Kf1 Kc7 26. a5 Rxb1 27. Rxb1 Rb8 28. Rb3 c4 29. Rxb8 Kxb8 30. Ke1 Kc7 31. Bb5 Ng6 32. Be8 Ne5 33. Ke2 f5 34. f4 gxf4 35. h3 Kd8 {0-1 Nakhapetiane,P-Andreikin,D (2293) Wch U12 Oropesa del Mar 2001 (4)}) 21... Re8 22. Rxe8+ Rxe8 23. Kf1 c5 24. Rb7 c4 25. Bb5 Re2 26. Ba4 a6 27. Rb6 Re6 28. Bc6 a5 29. Rb8+ Kg7 30. Bd7 Re7 31. Bc6 Re6 32. Bd7 Re7 33. Bc6 Rc7 34. Ba4 h5 35. Rb5 Ra7 36. Ke1 h4 37. Rb6 Re7+ 38. Kf1 Ne2 39. Rb5 Nxc3 40. Rxa5 Nxa2 41. Rxd5 Ra7 42. Bb5 Nc3 43. Rxg5+ Kf6 44. f4 Ra1+ 45. Kg2 Nxb5 46. Rxb5 Ra2 47. Rh5 Rxc2 48. Rxh4 Kf5 49. Kg3 1-0

[Event "45th Olympiad 2024"]
[Site "Budapest HUN"]
[Date "2024.09.15"]
[Round "5.46"]
[Board "1"]
[White "Michaelides, Konstantinos"]
[Black "Atabayev, Saparmyrat"]
[Result "1/2-1/2"]
[WhiteElo "2297"]
[BlackElo "2516"]
[PlyCount "261"]
[EventDate "2024.09.11"]
[WhiteTeam "Cyprus"]
[BlackTeam "Turkmenistan"]
[WhiteTeamCountry "CYP"]
[BlackTeamCountry "TKM"]

1. d4 Nf6 2. c4 g6 3. Nc3 d5 4. cxd5 Nxd5 5. e4 Nxc3 6. bxc3 Bg7 7. Nf3 c5 8. Bb5+ Nd7 9. O-O O-O 10. Re1 a6 11. Bf1 Qc7 ({RR} 11... b5 12. a4 b4 13. cxb4 cxb4 14. a5 Bb7 15. Qb3 Nc5 16. Qxb4 Bxe4 17. Qxc5 Bxf3 18. gxf3 Bxd4 19. Qa3 Bxa1 20. Qxa1 e5 21. Bh6 f6 22. Qa2+ Kh8 23. Bxf8 Qxf8 24. Rb1 Qh6 25. Qf7 Qg5+ 26. Kh1 {1-0 Giri,A (2752)-Nepomniachtchi,I (2771) Saint Louis Blitz 2023 (9.4)}) ({RR} 11... e6 12. Bg5 Qc7 13. Rc1 b6 14. d5 exd5 15. exd5 Bb7 16. d6 Qc6 17. Be7 Rfe8 18. Qd2 Bf8 19. Bc4 b5 20. Bd3 Bxe7 21. dxe7 Qd6 22. Qe3 Bxf3 23. gxf3 Nf6 24. c4 Ra7 25. Qe5 Qxe5 26. Rxe5 {½-½ Rabiega,R (2466)-Moksh,A (2342) Titled Tue 16th Apr Early 2024 (10)}) 12. Rb1 $146 ({RR} 12. a4 b6 13. Bg5 Re8 14. Qd2 e5 15. d5 Qd6 16. Qc2 Nf6 17. Nd2 Bd7 18. Rab1 Qc7 19. Rb2 Reb8 20. Reb1 Ne8 21. Be7 b5 22. d6 Nxd6 23. axb5 Nxb5 24. Ra1 Bf8 25. Bxf8 Kxf8 26. h4 Nd6 {1-0 Agibileg,U (2413)-Tesic,D (2287) Novi Sad TS07 Mix 2021 (4)}) 12... Rd8 13. Qb3 b5 14. a4 bxa4 15. Qxa4 Nf8 16. Ba3 cxd4 17. cxd4 Bg4 18. Ne5 Bxe5 19. dxe5 Qxe5 20. Rb7 Rd7 21. Bb2 Qd6 22. Rxd7 Bxd7 23. Qa5 Bc6 24. Bc4 Rb8 25. Qc3 Qf6 26. e5 Qf5 27. Ba3 Rb1 28. Bc1 Bb7 29. Ba2 Rb5 30. Bc4 Qg4 31. Bf1 Ne6 32. f3 Qb4 33. Qxb4 Rxb4 34. Ba3 Rd4 35. Bxe7 g5 36. Rb1 Rd7 37. Bd6 Nf4 38. Ra1 Kg7 39. g3 Ne6 40. Kf2 Bc8 41. Rc1 Bb7 42. Ke3 Bd5 43. Bxa6 Ra7 44. Be2 Ra2 45. Rc8 Rb2 46. Be7 Rb3+ 47. Bd3 Bxf3 48. Bf6+ Kh6 49. Rh8 Rxd3+ 50. Kxd3 Kg6 51. Ke3 Bg4 52. Ke4 Bf5+ 53. Kf3 h5 54. Rg8+ Kh7 55. Rb8 Kg6 56. Ke3 Bc2 57. Rb2 Bf5 58. Rf2 Nc5 59. Be7 Ne6 60. Kd2 Nc7 61. Bf6 Nd5 62. Bd8 Be4 63. Rf1 Bf5 64. Re1 Kh6 65. Kc1 Nb4 66. Rf1 Kg6 67. Bf6 Nd5 68. Bh8 Ne3 69. Re1 Nd5 70. Rd1 Be6 71. Kb2 Kh7 72. Bf6 Kg6 73. Bd8 Ne3 74. Re1 Ng4 75. Re2 Bc4 76. Rc2 Be6 77. Bf6 Nxf6 78. exf6 Kxf6 79. Rc5 h4 80. gxh4 gxh4 81. Kc3 h3 82. Kd4 Bd7 83. Ke4 Be6 84. Kf4 Bd7 85. Ra5 Be6 86. Ra6 Kg6 87. Ke5 Kg5 88. Ra8 Kg4 89. Rg8+ Kf3 90. Rg3+ Kf2 91. Kf4 Ke2 92. Rf3 Kd2 93. Re3 Bd7 94. Re5 Be6 95. Kf3 Kd3 96. Re3+ Kd4 97. Kf4 Kd5 98. Rd3+ Kc4 99. Rd1 Kc5 100. Ke5 Kc6 101. Rd3 Kc7 102. Rc3+ Kd7 103. Kf6 Kd6 104. Rd3+ Kc5 105. Ke7 Kc4 106. Rd8 Kc5 107. Rd6 Kc4 108. Kf6 Kc5 109. Ke5 Kc4 110. Rd8 Kc5 111. Rd6 Kc4 112. Rd1 Kc3 113. Ke4 Kc2 114. Rd4 Kc3 115. Rd6 Kc2 116. Ke3 Kc3 117. Rc6+ Kb4 118. Kd4 Kb5 119. Rc1 Kb6 120. Ke5 Kb5 121. Kf4 Kb4 122. Kg3 Kb5 123. Kh4 Kb4 124. Rc2 Bf5 125. Rc1 Be6 126. Kg5 Kb5 127. Kh5 Kb4 128. Kh4 Bf5 129. Rc6 Be6 130. Rc7 Kb5 131. Rc1 1/2-1/2

[Event "45th Olympiad 2024"]
[Site "Budapest HUN"]
[Date "2024.09.15"]
[Round "5.46"]
[Board "2"]
[White "Annaberdiyev, Meylis"]
[Black "Isaakidis, Alexandros"]
[Result "1-0"]
[WhiteElo "2431"]
[BlackElo "2155"]
[PlyCount "55"]
[EventDate "2024.09.11"]
[WhiteTeam "Turkmenistan"]
[BlackTeam "Cyprus"]
[WhiteTeamCountry "TKM"]
[BlackTeamCountry "CYP"]

1. e4 c6 2. d4 d5 3. Nd2 dxe4 4. Nxe4 Bf5 5. Ng3 Bg6 6. Nf3 Nd7 7. h4 h6 8. Bd3 Bxd3 9. Qxd3 e6 10. Bf4 Bb4+ 11. c3 Be7 12. O-O-O ({RR} 12. Ne4 Ngf6 13. Nd6+ Bxd6 14. Bxd6 Nb6 15. Ba3 Qd5 16. O-O O-O-O 17. b3 Qh5 18. g3 Nfd7 19. Rfe1 g5 20. Kg2 Rhg8 21. Rh1 Nd5 22. hxg5 Qg4 23. Bd6 hxg5 24. c4 N7f6 25. cxd5 Rxd6 26. dxc6 Rxc6 {1-0 Toncheva,N (2253)-Bernado Lopez,R (2170) Titled Tue 29th Aug Late 2023 (1)}) 12... Ngf6 13. Kb1 O-O 14. c4 a6 $146 ({RR} 14... a5 15. Qb3 Ng4 16. Rd2 Bb4 17. Rc2 Ndf6 18. Re2 Qd7 19. Rd1 Rfd8 20. Ne5 Nxe5 21. Bxe5 Be7 22. Qf3 a4 23. Bxf6 Bxf6 24. Nh5 Be7 25. Qg4 g6 26. Rd3 Qc7 27. Nf4 Bf6 28. Nh5 Be7 29. Nf4 {½-½ De Souza,G (2079)-Azevedo Junior,J (2063) Natal Maceio 2013 (4)}) ({RR} 14... b5 15. Ne5 Nxe5 16. dxe5 Qxd3+ 17. Rxd3 Ng4 18. Ne4 Rfd8 19. Rg3 Rd4 20. f3 Nf2 21. Nxf2 Rxf4 22. cxb5 cxb5 23. Rg4 Rxg4 24. Nxg4 Rd8 25. Kc2 h5 26. Nf2 Kh7 27. Nd3 Kg6 28. g3 Kf5 29. Re1 {0-1 Frolov,A (2174)-Mandrikin,I (2295) Dvorkovich Memorial op 5th 2010 (7)}) 15. Ne5 Qa5 16. Qe2 Rad8 17. Bd2 Qc7 18. f4 c5 19. Bc3 b5 20. d5 exd5 21. cxd5 Rfe8 22. Nc6 Bf8 23. Qf3 Rc8 24. Nf5 Nxd5 25. Bxg7 Qxc6 26. Bxf8 Nxf8 27. Rxd5 Qe6 28. Nd6 1-0

[Event "45th Olympiad 2024"]
[Site "Budapest HUN"]
[Date "2024.09.15"]
[Round "5.46"]
[Board "3"]
[White "Antoniou, Rafail"]
[Black "Hommadov, Amanmuhammet"]
[Result "1/2-1/2"]
[WhiteElo "2007"]
[BlackElo "2181"]
[PlyCount "77"]
[EventDate "2024.09.11"]
[WhiteTeam "Cyprus"]
[BlackTeam "Turkmenistan"]
[WhiteTeamCountry "CYP"]
[BlackTeamCountry "TKM"]

1. c4 {ChessBase II} Nf6 2. Nf3 g6 3. Nc3 Bg7 4. d4 O-O 5. e4 d6 6. Be2 e5 7. Be3 exd4 8. Nxd4 Re8 9. f3 c6 10. O-O d5 11. cxd5 cxd5 12. Qb3 dxe4 ({RR} 12... Nc6 13. Rad1 Qa5 14. Qb5 Qc7 15. Nxd5 Nxd5 16. Qxd5 Nxd4 17. Bxd4 Be6 18. Qb5 a6 19. Qb4 Bf8 20. Qc3 Qxc3 21. bxc3 Bxa2 22. Ra1 Bd5 23. Bxa6 Bxe4 24. Bc4 Bc6 25. Rfb1 Bg7 26. Bxg7 Kxg7 27. h4) 13. Bc4 Rf8 ({RR} 13... Qe7 14. fxe4 Nbd7 15. Nf3 Rf8 16. Kh1 Ng4 17. Nd5 Qxe4 18. Bg1 Nde5 19. Nd2 {1-0 Mandiza,F (2380)-Luo,T (2333) 1000GM NY Spring GMB 2024 (1.4)}) 14. Rad1 Qe7 15. fxe4 Nc6 16. Nxc6 $146 ({RR} 16. Nd5 Nxd5 17. Nxc6 bxc6 18. exd5 cxd5 19. Bxd5 Bg4 20. Rc1 Rac8 ({RR} 20... Rac8 21. Rxc8 Bxc8) 21. Rxc8 Bxc8 {½-½ Nei,I-Stein,L URS-ch34 Final 1966 (15)}) ({RR} 16. Nd5 Nxd5 17. Nxc6 bxc6 18. exd5 cxd5 19. Bxd5 Bg4 20. Rc1 Rab8 21. Rxf7 Qe5 22. Rxf8+ Kxf8 23. Bc5+ Ke8 24. Bc6+ {1-0 Wegner,H-Grivas,E (2365) FRA U17-ch International 1983 (5)}) 16... bxc6 17. Bf4 Bg4 18. Bd6 Bxd1 19. Qxd1 Qb7 20. Bxf8 Rxf8 21. e5 Nd5 22. Nxd5 cxd5 23. Qxd5 Qxd5 24. Bxd5 Bxe5 25. b3 Kg7 26. Bc4 Bd4+ 27. Kh1 f5 28. Rd1 Re8 29. g3 Rd8 30. Kg2 Kf6 31. Kf3 Bb6 32. Rxd8 Bxd8 33. h3 Ke5 34. Bg8 h6 35. g4 f4 36. Bc4 Be7 37. Bd3 g5 38. a4 a5 39. Bc4 1/2-1/2

[Event "45th Olympiad 2024"]
[Site "Budapest HUN"]
[Date "2024.09.15"]
[Round "5.46"]
[Board "4"]
[White "Halynyazov, Vepaly"]
[Black "Kefalas, Loukas"]
[Result "1-0"]
[WhiteElo "2049"]
[BlackElo "1912"]
[PlyCount "63"]
[EventDate "2024.09.11"]
[WhiteTeam "Turkmenistan"]
[BlackTeam "Cyprus"]
[WhiteTeamCountry "TKM"]
[BlackTeamCountry "CYP"]

1. d4 Nf6 2. c4 e6 3. Nc3 d5 4. Bg5 Be7 5. e3 Nbd7 6. cxd5 exd5 7. Bd3 c6 8. Nge2 Nf8 9. O-O Ne6 10. Bh4 O-O ({RR} 10... g6 11. b4 a6 12. Na4 O-O 13. Nc5 Ng7 14. Rc1 Nfe8 15. Bxe7 Qxe7 16. a4 Nd6 17. b5 axb5 18. axb5 Bf5 19. bxc6 bxc6 20. Nf4 Rfb8 21. Re1 Ra2 22. Bf1 h5 23. Ra1 Rxa1 24. Qxa1 Ne4 25. Nxe4 {½-½ Ding,L (2813)-Fedoseev,V (2724) Tata Steel-A 81st 2019 (4)}) 11. Qc2 ({RR} 11. f3 g6 12. Bf2 Re8 13. e4 Bf8 14. e5 Nh5 15. g3 a6 16. f4 c5 17. Bc2 cxd4 18. Nxd4 Nxd4 19. Qxd4 Bh3 20. Rfd1 Rc8 21. Qxd5 Qc7 22. Qf3 Bd7 23. g4 Ng7 24. h3 Be7 25. Rac1 Bc6 {0-1 Ejsymont,B (1861)-Marinakis,H (2158) Titled Tue 3rd Sep Early 2024 (7)}) 11... g5 $146 ({RR} 11... h6 12. Rad1 Ne8 13. Bxe7 Qxe7 14. f3 Nd6 15. e4 dxe4 16. fxe4 c5 17. e5 Nxd4 18. Nxd4 cxd4 19. exd6 Qe3+ 20. Kh1 dxc3 21. Qxc3 Qb6 22. Bc2 Bg4 23. Rd2 Be6 24. Qd3 f5 25. Re2 Bd7 26. Re7 {1-0 Siekanska,M (1865)-Mihelic,V (1924) Wch U16 Girls rapid 2022 (8)}) ({RR} 11... h6 12. Rad1 Re8 13. a3 Bd7 14. f3 Rc8 15. e4 dxe4 16. fxe4 Ng4 17. Bxe7 Qxe7 18. Rf3 Qh4 19. h3 Nf6 20. e5 Nd5 21. Ne4 Ng5 22. Nxg5 Qxg5 23. Bh7+ Kh8 24. Qe4 Be6 25. Rg3 Qh5 26. Rf1 {1-0 Shishkov,A (2340)-Kozelov,R (2089) Titled Tue 22nd Aug Early 2023 (4)}) 12. Bg3 b6 13. Be5 c5 14. Nxd5 Qxd5 15. Bxf6 Bxf6 16. Bxh7+ Kg7 17. Be4 Qd7 18. Bxa8 Ba6 19. Bf3 cxd4 20. Qf5 Qb5 21. Qg4 Be5 22. Nxd4 Bxd4 23. exd4 f5 24. Qg3 f4 25. Qg4 Nxd4 26. Rfc1 Rf7 27. h4 Nxf3+ 28. Qxf3 gxh4 29. Qg4+ Kf8 30. Rd1 Bb7 31. Rd8+ Ke7 32. Qxh4+ 1-0

[Event "45th Olympiad 2024"]
[Site "Budapest HUN"]
[Date "2024.09.15"]
[Round "5.47"]
[Board "1"]
[White "Mesfin, Leykun"]
[Black "Zambrana, Osvaldo"]
[Result "0-1"]
[WhiteElo "2118"]
[BlackElo "2405"]
[PlyCount "138"]
[EventDate "2024.09.11"]
[WhiteTeam "Ethiopia"]
[BlackTeam "Bolivia"]
[WhiteTeamCountry "ETH"]
[BlackTeamCountry "BOL"]

1. e4 c5 2. Nf3 Nc6 3. d4 cxd4 4. Nxd4 Nf6 5. Nxc6 bxc6 6. Bd3 e5 7. O-O Be7 8. Nc3 ({RR} 8. Nd2 O-O 9. Nc4 d6 10. Bg5 Be6 11. Qe1 Nd7 12. Bxe7 Qxe7 13. Na5 Rac8 14. c4 Nc5 15. Bc2 f5 16. Rd1 Nxe4 17. Bxe4 fxe4 18. Qxe4 Qc7 19. Qe1 Rf4 20. b3 Rcf8 21. Qc3 e4 22. b4 Bg4 {0-1 Gal,J (2354)-Horvath,P (2514) Cseppko op-A 11th 2002 (4)}) ({RR} 8. Qf3 O-O 9. Re1 d6 10. c4 Bg4 11. Qg3 Be6 12. Nc3 Qc8 13. h3 Nh5 14. Qf3 g6 15. Bh6 Ng7 16. Qg3 f6 17. Rad1 Rd8 18. b4 a6 19. a4 Bf7 20. Rc1 Nh5 21. Qf3 g5 22. Ne2 Kh8 {1-0 Saricam,E (1794)-Atis,H (1987) Turkish Cup 2024 (8.12)}) 8... d6 9. h3 O-O 10. Kh1 $146 ({RR} 10. Ne2 d5 11. Ng3 Qc7 12. f4 exf4 13. Bxf4 Qb6+ 14. Kh1 Qxb2 15. e5 Ne8 16. Bf5 g6 17. Rb1 Qa3 18. Rb3 Qa6 19. Bd3 Qa5 20. Bh6 Ng7 21. Bxg7 Kxg7 22. Nh5+ gxh5 23. Qxh5 h6 24. e6 Bxe6 {0-1 Vlietstra,M-Wei,M (2117) Australian op 2006 (4)}) 10... Nd7 11. Be3 Bg5 12. Qh5 Bxe3 13. fxe3 Nf6 14. Qh4 Be6 15. Rf3 Nd7 16. Qf2 Qb6 17. b3 a5 18. Ne2 a4 19. Rf1 g6 20. Qh4 Qd8 21. Qh6 Qe7 22. Ng3 f6 23. Be2 axb3 24. axb3 Ra2 25. Bd1 Qg7 26. Qh4 Kh8 27. R3f2 Qe7 28. Bg4 Kg7 29. Bxe6 Qxe6 30. Rd2 Rfa8 31. Rfd1 Ra1 32. Qg4 Qxg4 33. hxg4 Nc5 34. Rxd6 Rxd1+ 35. Rxd1 Ra2 36. Rc1 Kh6 37. Kh2 Kg5 38. Kh3 Rb2 39. Nf1 Nxe4 40. Nh2 f5 41. Nf3+ Kf6 42. gxf5 gxf5 43. Ne1 Ra2 44. Nd3 Ra8 45. g4 fxg4+ 46. Kxg4 Nd2 47. Rd1 Rg8+ 48. Kh3 Ne4 49. Rf1+ Ke6 50. Kh2 Nc3 51. Rf3 Nd5 52. Rh3 Nf6 53. Nf2 Rd8 54. Rf3 Ra8 55. Nd3 Ra2 56. Ne1 e4 57. Rg3 Ra1 58. Ng2 Rc1 59. Nf4+ Kf5 60. Rg2 Ng4+ 61. Kg3 Nxe3 62. Rf2 Ke5 63. Re2 Nf5+ 64. Kg4 Rg1+ 65. Ng2 Rxg2+ 66. Rxg2 Ne3+ 67. Kg3 Nxg2 68. Kxg2 Kd4 69. Kf2 Kc3 0-1

[Event "45th Olympiad 2024"]
[Site "Budapest HUN"]
[Date "2024.09.15"]
[Round "5.47"]
[Board "2"]
[White "Gemy, Jose Daniel"]
[Black "Tsige, Addisalem Temesgen"]
[Result "1-0"]
[WhiteElo "2315"]
[BlackElo "2068"]
[PlyCount "123"]
[EventDate "2024.09.11"]
[WhiteTeam "Bolivia"]
[BlackTeam "Ethiopia"]
[WhiteTeamCountry "BOL"]
[BlackTeamCountry "ETH"]

1. Nf3 c5 2. g3 g6 3. Bg2 Bg7 4. O-O Nc6 5. c4 e5 6. Nc3 Nge7 7. Ne1 d6 8. Nc2 Be6 9. Ne3 O-O 10. a3 Qd7 11. Ned5 Bh3 12. b4 Bxg2 13. Kxg2 Nxd5 14. Nxd5 Ne7 15. bxc5 Nxd5 16. cxd5 e4 17. Rb1 dxc5 18. Qb3 b6 $146 ({RR} 18... Rfd8 19. Qxb7 Qxd5 20. Qxd5 Rxd5 21. f3 exf3+ 22. Rxf3 Rd7 23. Rfb3 Be5 24. Rb7 Rad8 25. d3 Kf8 26. R1b5 Bd4 27. a4 Ke7 28. e3 a6 29. Rxd7+ Rxd7 30. Rb3 Be5 31. Ba3 Bd6 32. Rc3 c4 33. Bxd6+ {½-½ Gausel,E (2375)-Fossan,P (2320) NOR-ch Randaberg 1989}) 19. d3 Rfe8 20. e3 Qg4 21. dxe4 Qxe4+ 22. f3 Qe7 23. e4 Rad8 24. Re1 Bd4 25. Bf4 g5 26. Bd2 Qf6 27. a4 Kg7 28. Qc4 h5 29. Qc1 g4 30. f4 h4 31. Qd1 Qg6 32. f5 Qh5 33. h3 hxg3 34. Qxg4+ Qxg4 35. hxg4 Bf2 36. Bc3+ Kf8 37. Bf6 Rd6 38. g5 Rxf6 39. gxf6 Bd4 40. Kxg3 Bxf6 41. Rbc1 Be5+ 42. Kf3 Ke7 43. Ke3 Rg8 44. Kd3 Rg3+ 45. Kc4 Kd6 46. Rb1 Kc7 47. Rb3 Rg2 48. a5 Ra2 49. axb6+ axb6 50. Rc1 Bf4 51. Rcb1 Ra4+ 52. Kc3 Be5+ 53. Kc2 Rxe4 54. Rxb6 Rc4+ 55. Kd3 Rd4+ 56. Ke3 c4 57. Rc6+ Kd7 58. Rb7+ Kd8 59. Ra6 Kc8 60. Rxf7 Rd3+ 61. Ke4 Bc7 62. Rc6 1-0

[Event "45th Olympiad 2024"]
[Site "Budapest HUN"]
[Date "2024.09.15"]
[Round "5.47"]
[Board "3"]
[White "Kebede, Yoseph Kifle"]
[Black "Ticona Rocabado, Licael Roderick"]
[Result "1/2-1/2"]
[WhiteElo "2037"]
[BlackElo "2321"]
[PlyCount "66"]
[EventDate "2024.09.11"]
[WhiteTeam "Ethiopia"]
[BlackTeam "Bolivia"]
[WhiteTeamCountry "ETH"]
[BlackTeamCountry "BOL"]

1. Nf3 d5 2. d4 e6 3. Bf4 Nf6 4. e3 Bd6 5. Nbd2 O-O 6. Bd3 c5 7. Bg3 Nc6 8. c3 Qe7 9. Ne5 Nd7 10. f4 f6 11. Nxc6 ({RR} 11. Nxd7 Bxd7 12. O-O Rae8 13. Kh1 Qd8 14. Bh4 Qc7 15. Qh5 f5 16. Qf3 b5 17. g4 Kh8 18. Rg1 b4 19. Qg2 Rf7 20. Nf3 bxc3 21. bxc3 h6 22. Ne5 Nxe5 23. fxe5 Be7 24. Bxe7 Rexe7 25. g5 cxd4 {0-1 Esipenko,A (2620)-Sarana,A (2636) chess.com Speed U20 blitz 2019 (1.18)}) ({RR} 11. Nxd7 Bxd7 12. O-O e5 13. fxe5 fxe5 14. Qh5 e4 15. Qxd5+ Be6 16. Qxe4 g6 17. d5 Bf5 18. Qxe7 Nxe7 19. Bxd6 Bxd3 20. Rxf8+ Kxf8 21. Bxc5 Ke8 22. Bxe7 Kxe7 23. e4 Kd6 24. Kf2 Re8 25. Ke3 Ba6 {1-0 Salinas Herrera,P (2478)-Ticona Rocabado,L (2374) Titled Tue 26th Mar Late 2024 (11)}) 11... bxc6 12. O-O Rb8 13. Qc2 ({RR} 13. Rb1 c4 14. Bc2 c5 15. Kh1 f5 16. Nf3 Qe8 17. Bh4 Qh5 18. Rg1 Kh8 19. h3 Nf6 20. Bxf6 Rxf6 21. b3 cxb3 22. axb3 a6 23. Bd3 h6 24. Qe2 g5 25. fxg5 hxg5 26. Ne5 g4 27. Bxa6 Bxa6 {1-0 Jia,H (2331)-Sliwicki,D (2091) Titled Tue 16th Jan Early 2024 (5)}) 13... g6 $146 ({RR} 13... f5 14. c4 Ba6 15. b3 cxd4 16. exd4 c5 17. cxd5 Bxd3 18. Qxd3 exd5 19. Rae1 Qf6 20. Bf2 Bxf4 21. dxc5 Qc6 22. Qd4 Bxd2 23. Qxd2 Rb5 24. Re7 Nxc5 25. Qc3 Qf6 26. Qxf6 Rxf6 27. a4 Nxa4 28. bxa4 {1-0 Tello Chavez,I (1777)-Mendonca,R Pan American-ch U14 24th 2013 (1.17)}) 14. Rae1 c4 15. Be2 e5 16. e4 exf4 17. Bxf4 Bxf4 18. Rxf4 f5 19. exd5 cxd5 20. Rff1 Qd6 21. b4 Nf6 22. Bf3 f4 23. Re5 Bf5 24. Qc1 Rf7 25. Rfe1 Qd7 26. Qa3 g5 27. Qa5 Rb5 28. Qa4 a6 29. Qxa6 Rb7 30. Qa5 Ra7 31. Qc5 Rc7 32. Qa5 Ra7 33. Qc5 Rc7 1/2-1/2